Realizácia územno-odvetvového princípu v rozvoji vybraných odvetví služieb 2 záverečná správa čiastkovej úlohy ŠPEV 904-533-307/03

Salvato in:
Dettagli Bibliografici
Natura: Libro
Lingua:slovacco
Pubblicazione: Bratislava VŠE 1989
Tags: Aggiungi Tag
Nessun Tag, puoi essere il primo ad aggiungerne!!

MARC

LEADER 00000nam a2200000 4500
001 c032129
005 20260325105504.4
041 0 |a slo 
044 |a SK 
245 1 0 |a Realizácia územno-odvetvového princípu v rozvoji vybraných odvetví služieb 2  |b záverečná správa čiastkovej úlohy ŠPEV 904-533-307/03 
264 1 |a Bratislava  |b VŠE  |c 1989 
300 |a 171 s.